000
00319nam a2200133Ia 4500
005
20251222144838.0
008
251222s9999||||xx |||||||||||||| ||spa||
082
_a
731.886.3/G96
100
_a
Gutierrez, Angela
245
0
_a
Sant´Ana
250
_a
1ra.ed.
264
_b
Secretaria de Estado da Cultura
942
_c
LIB
999
_c
21112
_d
21112